000 nam a22 7a 4500
999 _c7617
_d7617
008 170922b xxu||||| |||| 00| 0 eng d
100 _94121
_aOSWALD.J
245 _aDEAD MEN'S BONES
260 _aLONDON
_bPENGUIN BOOK
_c2014